Elektrisace po válce /

Uložené v:
Podrobná bibliografia
Hlavný autor: List, Vladimír, 1877-1971 (Author)
Médium: Kniha
Jazyk:Czech
Vydané: Praha : Topič F., [1917].
Edícia:Duch a svět [sv.] 30-31
ISBN: (brož.)
Fyzický popis: 140 s. : obr., tab., mapy.
Tagy: Pridať tag
Žiadne tagy, Buďte prvý kto otaguje tento záznam!

MARC

LEADER 00000nam a22000007a 4500
001 000471908
005 20150531163634.0
008 080514s1917 xr r cze d
020 |a (brož.) 
040 |a SVKKK  |b slo  |c SVKKK  |e AACR2 
041 0 |a cze 
044 |a xr  |c CZ 
100 1 |a List, Vladimír,  |d 1877-1971  |4 aut 
245 1 0 |a Elektrisace po válce /  |c napsal Vladimír List. 
260 |a Praha :  |b Topič F.,  |c [1917]. 
300 |a 140 s. :  |b obr., tab., mapy. 
490 1 |a Duch a svět  |v [sv.] 30-31 
500 |a Pred titul. listom a na konci publikácie edičná literatúra 
504 |a Bibliografické poznámky pod čiarou 
830 0 |a Duch a svět  |v [sv.] 30-31 
910 |a svkkk 
998 |a BK 
090 |g SCKHL  |k Sklad Pribinova prízemie  |a I.7218  |j 15023  |i 2720469595  |s Prezenčne